From nuclear to zero carbon (Record no. 81153)
[ view plain ]
| 000 -LEADER | |
|---|---|
| fixed length control field | 01213cab a22002175a 4500 |
| 001 - CONTROL NUMBER | |
| control field | L146440 |
| 008 - FIXED-LENGTH DATA ELEMENTS--GENERAL INFORMATION | |
| fixed length control field | 090121e20090116xxko f 000 0 eng d |
| 035 ## - SYSTEM CONTROL NUMBER | |
| System control number | (Sirsi) u146440 |
| 041 0# - LANGUAGE CODE | |
| Language code of text/sound track or separate title | eng |
| 100 1# - MAIN ENTRY--PERSONAL NAME | |
| Personal name | Willoughby, Michael |
| 245 00 - TITLE STATEMENT | |
| Title | From nuclear to zero carbon |
| Remainder of title | it's a green year ahead |
| 260 ## - PUBLICATION, DISTRIBUTION, ETC. | |
| Date of publication, distribution, etc. | 2009 |
| 490 #0 - SERIES STATEMENT | |
| Series statement | Building |
| Volume/sequential designation | 274 (8562) 16 January 2009, 50-51 (2) |
| 520 ## - SUMMARY, ETC. | |
| Summary, etc. | Presents the key events relating to sustainability for the year 2009. They are: the publication of the government consultation on the definition of zero carbon; the launch of an energy saving consultation; the launch of the Energy Performance of Buildings Directive II; nuclear power stations; the development of the 2010 parts F and L of the Building Regulations; the first budgetary report on meeting the Climate Change Act greenhouse gas emission targets; the enforcement of Energy Performance Certificates and Display Energy Certificates. |
| 590 ## - LOCAL NOTE (RLIN) | |
| Local note | KA |
| 650 24 - SUBJECT ADDED ENTRY--TOPICAL TERM | |
| Topical term or geographic name entry element | COMMERCIAL ENERGY PERFORMANCE CERTIFICATES |
| 651 #4 - SUBJECT ADDED ENTRY--GEOGRAPHIC NAME | |
| Geographic name | United Kingdom |
| Chronological subdivision | |
| 690 ## - LOCAL SUBJECT ADDED ENTRY--TOPICAL TERM (OCLC, RLIN) | |
| Topical term or geographic name as entry element | ENVIRONMENTAL AND LAND CONSULTANCY-ENERGY-ENERGY USE-ENERGY EFFICIENCY |
| 690 ## - LOCAL SUBJECT ADDED ENTRY--TOPICAL TERM (OCLC, RLIN) | |
| Topical term or geographic name as entry element | ENVIRONMENTAL AND LAND CONSULTANCY-SUSTAINABILITY |
| 942 ## - ADDED ENTRY ELEMENTS (KOHA) | |
| Suppress in OPAC | 0 |
| Withdrawn status | Lost status | Source of classification or shelving scheme | Damaged status | Not for loan | Home library | Current library | Shelving location | Date acquired | Total Checkouts | Full call number | Barcode | Date last seen | Copy number | Price effective from | Koha item type |
|---|---|---|---|---|---|---|---|---|---|---|---|---|---|---|---|
| Dewey Decimal Classification | London | London | Journal article | 21/01/2009 | L146440 | 146440-1001 | 06/08/2019 | 1 | 06/08/2019 | Journal article |